01009nam a22002177a 450000500170000000800410001702000180005804000070007604100080008308200200009110000220011124500260013326000390015930000310019836500630022952002740029265000420056694200120060899900190062095201520063920230324115051.0221209b ||||| |||| 00| 0 eng d a9781859961537 cAL aeng 223a574.3bTWYI aTwyman R.M965272 aDevelopmental Biology aNew YorkbTaylor and Francisc2001 avi,451p.bPBc24.5x18.5cm. 2Generala6288b₹1937.00c₹d₹2421.53e20%f3/12/2022 aCoverage of the field in Instant Notes in Developmental Biology is current and focuses largely on the principles of embryonic development. It is designed to provide a clear summary of the principles of developmental biology in a compact and easily manageable structure. 2BiologyaDevelopmental Biology965273 2ddccBK c225538d225538 00102ddc40708BIOCaSACPGbSACPGd2022-12-09eBiblios Book Pointg1937.00l0o574.3 TWYIpPG024097r2022-12-09 00:00:00v2421.53w2022-03-12yBK